ARRUPE JESUIT UNIVERSITY

CORONAVIRUS -STOP THE SPREAD - CLEAN,DISINFECT,COVER

Ukama: (Record no. 5394)

MARC details
000 -LEADER
fixed length control field 00485nam a2200205Ia 4500
003 - CONTROL NUMBER IDENTIFIER
control field 0100
008 - FIXED-LENGTH DATA ELEMENTS--GENERAL INFORMATION
fixed length control field 130227s9999 xx 000 0 und d
040 ## - CATALOGING SOURCE
Transcribing agency ARRUPELIB
050 ## - LIBRARY OF CONGRESS CALL NUMBER
Classification number DT962.42G437 1981
100 ## - MAIN ENTRY--PERSONAL NAME
Personal name Gelfand, Michael
9 (RLIN) 9193
245 ## - TITLE STATEMENT
Title Ukama:
Remainder of title reflections on Shona and Western cultures in Zimbabwe /
260 ## - PUBLICATION, DISTRIBUTION, ETC. (IMPRINT)
Place of publication, distribution, etc Gwelo
Name of publisher, distributor, etc Mambo Press
Date of publication, distribution, etc 1981
300 ## - PHYSICAL DESCRIPTION
Extent 129p
300 ## - PHYSICAL DESCRIPTION
Other physical details 22cm
650 ## - SUBJECT ADDED ENTRY--TOPICAL TERM
Topical term or geographic name as entry element Shona (African people)
9 (RLIN) 15952
650 ## - SUBJECT ADDED ENTRY--TOPICAL TERM
Topical term or geographic name as entry element Zimbabwe
General subdivision Civilization
9 (RLIN) 40411
942 ## - ADDED ENTRY ELEMENTS (KOHA)
Source of classification or shelving scheme Library of Congress Classification
Koha issues (borrowed), all copies 5
Item type Monograph ( Printed materials)
Holdings
Withdrawn status Lost status Source of classification or shelving scheme Damaged status Not for loan Collection code Home library Current library Shelving location Date acquired Total Checkouts Full call number Barcode Date last seen Date last borrowed Copy number Price effective from Koha item type
    Library of Congress Classification     Main Collection ARRUPE LIBRARY ARRUPE LIBRARY   27/02/2013 16 DT962.42G437 1981 46407054 20/01/2026 11/12/2024 1 27/02/2013 Monograph ( Printed materials)
    Library of Congress Classification     SPECIAL Collection ARRUPE LIBRARY ARRUPE LIBRARY Main Collection 26/03/2014   SPC DT962.42G437 1981 46500001893 26/03/2014     26/03/2014 REFERENCE

 

Arrupe Library. PO Box MP320 Mt Pleasant, Harare, Zimbabwe
263 242 745411|librarian@aju.ac.zw